| 000 | 02537nam a22003017a 4500 | ||
|---|---|---|---|
| 008 | 251020b |||||||| |||| 00| 0 eng d | ||
| 020 | _a9782226455130 | ||
| 040 | _cTBS | ||
| 041 |
_afre _heng |
||
| 050 |
_aPS3557.A715 _bW3414 2023 |
||
| 100 |
_aGardner, Lisa _926198 _eauthor |
||
| 240 |
_aWhen you see me. _lFrench. |
||
| 245 |
_aAu premier regard _c/ Lisa Gardner ; translated by Cécile Deniard. |
||
| 260 |
_aParis : _bAlbin Michel, _c2023. |
||
| 300 |
_a473 pages ; _c23 cm. |
||
| 520 | _a« Un thriller palpitant et diablement féministe. » Paris Match L'agent du FBI Kimberly Quincy, le commandant D.D. Warren et Flora Dane, les trois héroïnes de Lisa Gardner de nouveau réunies dans un thriller à couper le souffle. Macabre découverte dans un petite ville de Géorgie. Les restes d'un corps humain, puis bientôt un charnier, révélés au grand jour... Est-ce le testament de Jacob Ness, le tueur en série qui a défrayé la chronique pendant des années avant d'être abattu ? Ou l'oeuvre d'un complice ? Aux côtés de la courageuse Flora Dane, survivante de Jacob Ness devenue justicière, les enquêtrices vont unir leurs forces dans une affaire sans précédent, dont une jeune fille, témoin impuissante de l'horreur, détient la vérité. Mais comment la protéger ? | ||
| 520 | _a“A gripping and fiercely feminist thriller.” — Paris Match FBI agent Kimberly Quincy, Sergeant D.D. Warren, and Flora Dane—Lisa Gardner’s three unforgettable heroines—come together once again in a breathtaking new thriller. A gruesome discovery is made in a small Georgia town: the remains of a human body, soon followed by the uncovering of a mass grave. Is this the legacy of Jacob Ness, the notorious serial killer who dominated headlines for years before being shot dead? Or the work of an accomplice? Alongside the brave Flora Dane—Jacob Ness’s former captive turned vigilante—the investigators join forces on an unprecedented case, one in which a young girl, a helpless witness to the horror, holds the key to the truth. But how can they protect her? | ||
| 650 | 0 |
_aVictims of crimes _vFiction _926199 |
|
| 650 | 0 |
_aSerial murderers _vFiction _926200 |
|
| 650 | 0 |
_aYoung women _vFiction _924099 |
|
| 650 | 0 |
_aSmall cities _vFiction _926201 |
|
| 650 | 0 |
_aMutism _vFiction _926202 |
|
| 655 | 0 |
_aThrillers (Fiction) _922669 |
|
| 655 | 0 |
_aDetective and mystery fiction _923664 |
|
| 655 | 0 |
_aPsychological fiction _922456 |
|
| 700 |
_aDeniard, Cécile _926203 _etranslator |
||
| 942 | _2lcc | ||
| 999 |
_c5061 _d5061 |
||